Between work and social citizenship

Αποθηκεύτηκε σε:
Λεπτομέρειες βιβλιογραφικής εγγραφής
Άλλοι συγγραφείς: Kolberg, Jon Eivind 1942- (Επιμελητής έκδοσης)
Μορφή: Βιβλίο
Γλώσσα:English
Δημοσίευση: Armonk : M.E. Sharpe, c1992
Σειρά:Comparative public policy analysis series
Θέματα:
Ετικέτες: Προσθήκη ετικέτας
Δεν υπάρχουν, Καταχωρήστε ετικέτα πρώτοι!

MARC

LEADER 00000cam a2200000 i 4500
001 1/91364
008 991018s1992 eng d
020 |a 0-87332-652-0 
035 |l 10053553 
040 |a GR-MY-UA  |b gre  |e aacr 
041 0 |a eng 
082 0 |a 331.120948 
245 1 0 |a Between work and social citizenship /  |c edited by Jon Elvind Kolberg 
260 |a Armonk :   |b M.E. Sharpe,   |c c1992 
300 |a 199 p. 
490 1 |a Comparative public policy analysis series 
650 0 0 |a Labor market  |z Scandinavia. 
650 0 0 |a Absenteeism (Labor)  |z Scandinavia. 
650 0 0 |a Work ethic  |z Scandinavia. 
650 0 0 |a Social security  |z Scandinavia. 
650 0 0 |a Labor market. 
650 0 0 |a Welfare state. 
700 1 |a Kolberg, Jon Eivind  |d 1942-  |4 edt 
830 0 |a Comparative public policy analysis series 
852 |a INST  |b LESVOS  |e 19991018  |h 331.120948 BET  |p 005100022441  |q 005100022441  |t BK  |y 0 
901 |a BIBL1-1999-3 
909 |a Λ  |b 066716 
922 |a 1ΕΛΗ  |b 199907  |c ΚΠΣ/ΤΚ  |d Παπασωτηρίου 
950 |a 103-1998-07-27 
970 |a Τζαφέρη  |b Ευαγγελία  |z 1999/12/13